000 00467nam a22001812 4500
001 0000005652
005 20151217160110.0
008 070620s xx 000 0 eng d
040 _aKABU
_cKABU
050 0 _aPZ90
_b.S94M6N93
100 1 _aMpesha, Nyambura.
_@0000156827
245 1 0 _aNyani mdogo.
260 _aNairobi :
_bPhoenix,
_c1997.
300 _a19 p.
908 _a070620
950 _@1
999 _c14220
_d14220